00906nam a22002297a 4500003000400000005001700004008004100021020001800062040002900080050002300109100003200132245013600164260006500300300000900365650002900374650003600403650003100439650003100470942001500501952014300516999001700659OSt20250718164345.0250718b |||||||| |||| 00| 0 eng d a9780985876210 cChuka University Library aLB 2806b.S64 2014 aSoghoian, Richard J.919812 aMind the gap! An Insider Irreverent look at private school finances and management-with a lesson for Government and industry,too! aNew York, USAbColumbia Grammar and Preparatory Schoolc2014 a216p aSchool management911917 aPrivate schools--finance919813 aEducational finance919814 aIndependent schools919815 2lcccBKn0 00102lcc40708LGLaCHKbPGcGENd2025-07-18eBooks for Africal0oLB 2806 .S64 2014p27186/2025r2025-07-18 16:26:02t1w2025-07-18yBK c19547d19547